Solo los sindicatos reconocidos por el Estado pueden declarar la huelga (Registro nro. 18691)
[ vista simple ]
| 000 -LEADER | |
|---|---|
| fixed length control field | 00344 a2200109 4500 |
| 001 - CONTROL NUMBER | |
| control field | ART_40288 |
| 005 - DATE AND TIME OF LATEST TRANSACTION | |
| control field | 20260410161740.0 |
| 008 - FIXED-LENGTH DATA ELEMENTS--GENERAL INFORMATION | |
| fixed length control field | 260409a |
| 100 1# - MAIN ENTRY--PERSONAL NAME | |
| Personal name | Slavin, Luis P. |
| 245 10 - TITLE STATEMENT | |
| Title | Solo los sindicatos reconocidos por el Estado pueden declarar la huelga |
| 773 0# - HOST ITEM ENTRY | |
| Title | Doctrina laboral |
| Related parts | - Nº 373 (sep. 2016) |
| Record control number | REV4049 |
No hay ítems disponibles.